[Event "Gibraltar Challengers-A 9th"]
[Site "Caleta"]
[Date "2011.01.26"]
[Round "3"]
[White "Jaunooby, Ali Reza"]
[Black "Vinas Guerrero, Carlos Alberto"]
[Result "0-1"]
[WhiteElo "2207"]
[BlackElo "2121"]
[PlyCount "61"]
[EventDate "2011.01.24"]
[EventType "swiss"]
[EventRounds "5"]
[EventCountry "GGB"]
[SourceTitle "CBM 140 Extra"]
[Source "ChessBase"]
[SourceDate "2011.03.01"]
[SourceVersion "1"]
[SourceVersionDate "2011.03.01"]
[SourceQuality "1"]

1. d4 f5 2. g3 Nf6 3. Bg2 g6 4. c4 Bg7 5. Nc3 0-0 6. f4 c5 7. d5 e5 8. fxe5 Ng4 9. Nf3 Nxe5 10. d6 Nf7 11. Nd5 Nc6 12. 0-0 b6 13. Ne7+ Nxe7 14. dxe7 Qxe7 15. Ng5 Rb8 16. Bd5 Bd4+ 17. Rf2 Bxf2+ 18. Kxf2 Bb7 19. Nxf7 Rxf7 20. Bxf7+ Qxf7 21. Bh6 Re8 22. b3 Qe6 23. Qd2 Qe4 24. Rg1 d5 25. cxd5 Bxd5 26. e3 Qf3+ 27. Ke1 Qe4 28. Rf1 c4 29. Qb2 Qe5 30. bxc4 Bxc4 31. Rf2 0-1

[Event "Gibraltar Masters 9th"]
[Site "Caleta"]
[Date "2011.01.25"]
[Round "1"]
[White "Georgieva, Emilia"]
[Black "Vinas Guerrero, Carlos Alberto"]
[Result "0-1"]
[WhiteElo "1907"]
[BlackElo "2121"]
[PlyCount "58"]
[EventDate "2011.01.25"]
[EventType "swiss"]
[EventRounds "10"]
[EventCountry "GGB"]
[SourceTitle "CBM 141"]
[Source "ChessBase"]
[SourceDate "2011.03.17"]
[SourceVersion "1"]
[SourceVersionDate "2011.03.17"]
[SourceQuality "1"]

1. d4 f5 2. e4 fxe4 3. Nc3 Nf6 4. Bg5 Nc6 5. f3 e3 6. Bxe3 d5 7. Qd2 Bf5 8. g4 Bg6 9. a3 Qd7 10. 0-0-0 0-0-0 11. Bh3 e6 12. Nce2 Bf7 13. g5 Ne8 14. f4 Nd6 15. Ng3 Bg6 16. N1e2 Nc4 17. Qc3 Bd6 18. Rdf1 Rhf8 19. Bg4 Kb8 20. h4 Rde8 21. Kb1 b5 22. b4 a5 23. bxa5 Nxa3+ 24. Ka2 b4 25. Rb1 Ka7 26. Qb3 Bxc2 27. Qxd5 exd5 28. Bxd7 Bxb1+ 29. Rxb1 Rxe3 0-1

[Event "Gibraltar Challengers-B 8th"]
[Site "Caleta"]
[Date "2010.02.04"]
[Round "5"]
[White "Vinas Guerrero, Carlos Alberto"]
[Black "Carr, Chris D"]
[Result "1-0"]
[WhiteElo "2120"]
[BlackElo "1864"]
[PlyCount "69"]
[EventDate "2010.01.31"]
[EventType "swiss"]
[EventRounds "5"]
[EventCountry "GGB"]
[SourceTitle "EXT 2011"]
[Source "ChessBase"]
[SourceDate "2010.11.26"]
[SourceVersion "1"]
[SourceVersionDate "2010.11.26"]
[SourceQuality "1"]

1. e4 c5 2. Nf3 a6 3. c3 d5 4. exd5 Qxd5 5. d4 Nf6 6. Be2 e6 7. 0-0 Be7 8. Be3 cxd4 9. cxd4 Nc6 10. Nc3 Qa5 11. a3 0-0 12. b4 Qd8 13. Qb3 Nd5 14. Rac1 Bd6 15. g3 Nce7 16. Nxd5 Nxd5 17. Bc4 Bd7 18. Ne5 Bxe5 19. dxe5 Nxe3 20. Qxe3 Ba4 21. Bd3 g6 22. Be4 Qd7 23. Qb6 Rfd8 24. Bxb7 Rab8 25. Rc7 Qb5 26. Qxb5 Bxb5 27. Ra1 Rd4 28. a4 Bc4 29. b5 axb5 30. a5 Bd5 31. a6 Bxb7 32. Rxb7 Ra8 33. a7 Kg7 34. Rb8 Rd8 35. Rxd8 1-0

[Event "Gibraltar Challengers-B 8th"]
[Site "Caleta"]
[Date "2010.02.03"]
[Round "4"]
[White "Lundback, Karl"]
[Black "Vinas Guerrero, Carlos Alberto"]
[Result "0-1"]
[WhiteElo "1874"]
[BlackElo "2120"]
[PlyCount "71"]
[EventDate "2010.01.31"]
[EventType "swiss"]
[EventRounds "5"]
[EventCountry "GGB"]
[SourceTitle "EXT 2011"]
[Source "ChessBase"]
[SourceDate "2010.11.26"]
[SourceVersion "1"]
[SourceVersionDate "2010.11.26"]
[SourceQuality "1"]

1. e4 c5 2. Nf3 e6 3. d4 cxd4 4. Nxd4 Nf6 5. Nc3 Nc6 6. a3 Qc7 7. Be3 a6 8. Be2 Be7 9. 0-0 0-0 10. Qd2 Ne5 11. Bf4 d6 12. b3 Bd7 13. Rfc1 Rac8 14. Nd1 Nxe4 15. Qe3 Nf6 16. Bxe5 dxe5 17. Nf3 Ng4 18. Qd3 f5 19. Ne1 e4 20. Qh3 Ne5 21. c4 Nc6 22. Qe3 Bf6 23. Ra2 h6 24. Rb1 Bd4 25. Qd2 Rfd8 26. Nc2 Be5 27. g3 Be8 28. Qe1 Qd6 29. b4 Nd4 30. Nxd4 Bxd4 31. c5 Qd5 32. Rc2 Ba4 33. Bc4 Qe5 34. Bb3 Bb5 35. Ne3 Bd3 36. Nc4 0-1

[Event "Gibraltar Masters 8th"]
[Site "Caleta"]
[Date "2010.02.01"]
[Round "7"]
[White "Skage, Oystein Aagedal"]
[Black "Vinas Guerrero, Carlos Alberto"]
[Result "1/2-1/2"]
[WhiteElo "1935"]
[BlackElo "2120"]
[PlyCount "91"]
[EventDate "2010.01.26"]
[EventType "swiss"]
[EventRounds "10"]
[EventCountry "GGB"]
[SourceTitle "CBM 134 Extra"]
[Source "ChessBase"]
[SourceDate "2010.03.03"]
[SourceVersion "1"]
[SourceVersionDate "2010.03.03"]
[SourceQuality "1"]

1. e4 e5 2. Nf3 Nc6 3. Bb5 Nf6 4. 0-0 Nxe4 5. d4 Be7 6. dxe5 0-0 7. Qe2 Nc5 8. a3 Ne6 9. Rd1 f6 10. Bc4 Qe8 11. Nc3 fxe5 12. Nb5 Bd8 13. Bg5 d6 14. h4 Kh8 15. Qe4 a6 16. Nc3 Ned4 17. Nxd4 Nxd4 18. Bd3 Bf5 19. Qxb7 Bxg5 20. hxg5 Qf7 21. Rd2 Bxd3 22. Rxd3 Qxf2+ 23. Kh2 c6 24. g6 h6 25. Rh3 Qf4+ 26. Kh1 Qg5 27. Ne4 Qxg6 28. Rg3 Qh5+ 29. Rh3 Qg6 30. Rg3 Qh5+ 31. Rh3 Qf7 32. Qxf7 Rxf7 33. Nxd6 Re7 34. c3 Ne6 35. Re1 Ng5 36. Rhe3 Rd8 37. Ne4 Nf7 38. Nc5 a5 39. b4 axb4 40. cxb4 Rd4 41. Nb3 Rc4 42. Na5 Rc2 43. R1e2 Rc1+ 44. Re1 Rc2 45. R1e2 Rc1+ 46. Re1 1/2-1/2

[Event "Gibraltar Masters 8th"]
[Site "Caleta"]
[Date "2010.01.29"]
[Round "4"]
[White "Andersen, Niels Erik"]
[Black "Vinas Guerrero, Carlos Alberto"]
[Result "0-1"]
[WhiteElo "1965"]
[BlackElo "2120"]
[PlyCount "104"]
[EventDate "2010.01.26"]
[EventType "swiss"]
[EventRounds "10"]
[EventCountry "GGB"]
[SourceTitle "CBM 134 Extra"]
[Source "ChessBase"]
[SourceDate "2010.03.03"]
[SourceVersion "1"]
[SourceVersionDate "2010.03.03"]
[SourceQuality "1"]

1. d4 d5 2. Nf3 Nf6 3. g3 c6 4. Bg2 Bf5 5. 0-0 e6 6. Nbd2 h6 7. Re1 Be7 8. c4 0-0 9. cxd5 cxd5 10. Nb3 Nc6 11. a3 a5 12. Bf4 a4 13. Nc5 Bxc5 14. dxc5 Qa5 15. b4 axb3 16. Qxb3 Ra7 17. Bd2 Qa4 18. Qb2 Qc2 19. Qxc2 Bxc2 20. e3 Rfa8 21. Rac1 Be4 22. Bb4 Ra4 23. Bc3 Rxa3 24. Nd4 Bxg2 25. Nxc6 bxc6 26. Bxf6 gxf6 27. Kxg2 Ra2 28. e4 d4 29. Red1 e5 30. Rd3 Re2 31. Rb1 Rc2 32. Rb7 Rc3 33. Rxc3 dxc3 34. Rb3 Ra4 35. Rxc3 Rxe4 36. h3 Kf8 37. Rd3 Rc4 38. Rd6 Rxc5 39. Rxf6 Kg7 40. Rf5 Kg6 41. g4 Rd5 42. Kf1 c5 43. Rf3 c4 44. Ke2 Rd4 45. Rc3 Kg5 46. Rf3 Re4+ 47. Kf1 Rf4 48. Rc3 f6 49. f3 Rd4 50. Ke2 Rf4 51. Kf2 e4 52. Rxc4 e3+ 0-1

[Event "Gibraltar Challengers-A 8th"]
[Site "Caleta"]
[Date "2010.01.28"]
[Round "3"]
[White "Vinas Guerrero, Carlos Alberto"]
[Black "Lyell, Mark"]
[Result "1-0"]
[WhiteElo "2120"]
[BlackElo "2224"]
[PlyCount "67"]
[EventDate "2010.01.26"]
[EventType "swiss"]
[EventRounds "5"]
[EventCountry "GGB"]
[SourceTitle "CBM 134 Extra"]
[Source "ChessBase"]
[SourceDate "2010.03.03"]
[SourceVersion "1"]
[SourceVersionDate "2010.03.03"]
[SourceQuality "1"]

1. e4 e5 2. Nf3 Nc6 3. Nc3 Nf6 4. g3 Bc5 5. Bg2 d6 6. d3 Bg4 7. h3 Be6 8. Na4 Qe7 9. 0-0 0-0-0 10. Qe1 a6 11. Kh2 Ba7 12. c4 Nd7 13. b4 Nb6 14. Nb2 Nd7 15. a4 Nd4 16. Nxd4 Bxd4 17. Rb1 f5 18. exf5 Bxf5 19. Qe2 Rhf8 20. Be3 Rde8 21. Rfe1 Bc3 22. Bd2 Bxd2 23. Qxd2 Qf7 24. a5 Bg6 25. Nd1 e4 26. dxe4 Ne5 27. f4 Nxc4 28. Qd4 d5 29. Rc1 Nd6 30. e5 Nb5 31. Qxd5 Qxd5 32. Bxd5 Rd8 33. Nc3 Rfe8 34. Red1 1-0